| 000 -LEADER |
| fixed length control field |
00761cam a2200229Ia 4500 |
| 020 ## - INTERNATIONAL STANDARD BOOK NUMBER |
| ISBN |
9789251058428 |
| 020 ## - INTERNATIONAL STANDARD BOOK NUMBER |
| ISBN |
9251058423 |
| 040 ## - CATALOGING SOURCE |
| Transcribing agency |
BTC COD 2007 C101 Or. |
| 110 2# - MAIN ENTRY--CORPORATE NAME |
| Corporate name or jurisdiction name as entry element |
Joint FAO/WHO Codex Alimentarius Commission. |
| 245 10 - TITLE STATEMENT |
| Title |
Codex alimentarius : |
| Remainder of title |
cereals, pulses, legumes and vegetable proteins / |
| 246 30 - VARYING FORM OF TITLE |
| Title proper/short title |
Cereals, pulses, legumes and vegetable proteins |
| 250 ## - EDITION STATEMENT |
| Edition statement |
First edition |
| 300 ## - PHYSICAL DESCRIPTION |
| Number of Pages |
106 pages ; |
| Dimensions |
25 cm |
| 490 1# - SERIES STATEMENT |
| Series statement |
Codex alimentarius, |
| 650 #0 - SUBJECT ADDED ENTRY--TOPICAL TERM |
| Topical Term |
Food law and legislation. |
| 650 #0 - SUBJECT ADDED ENTRY--TOPICAL TERM |
| Topical Term |
Food industry and trade |
| 650 #0 - SUBJECT ADDED ENTRY--TOPICAL TERM |
| Topical Term |
Food |
| 710 2# - ADDED ENTRY--CORPORATE NAME |
| Corporate name or jurisdiction name as entry element |
World Health Organization. |
| 710 2# - ADDED ENTRY--CORPORATE NAME |
| Corporate name or jurisdiction name as entry element |
Food and Agriculture Organization of the United Nations. |
| 710 2# - ADDED ENTRY--CORPORATE NAME |
| Corporate name or jurisdiction name as entry element |
Joint FAO/WHO Food Standards Programme. |
| 942 ## - ADDED ENTRY ELEMENTS (KOHA) |
| Koha item type |
ADB |
| 952 ## - LOCATION AND ITEM INFORMATION (KOHA) |
| Withdrawn status [LOCAL, KOHA] |
0 |